Quizzes
Events
Quiz Creation
Community
Videos
Private Events
Remove Ads
Sign In
Join for FREE
Feedback
Dark Mode
Quiz Categories
Sports
Geography
Music
Movies
Television
Just For Fun
Miscellaneous
History
Literature
Language
Science
Gaming
Entertainment
Religion
Holiday
For Kids
Quiz Lab
Recent
Popular Today
Quiz Kudos Today
Editor Picks
Curator Picks
Quizzes by...
Day
Popularity
Type
Ratings
Length
Year
Community
Subscriptions
Recent Discussions
Orange Saloon
Badges
Playlists
Quests
Create
Leaderboards
Showdown
Live 5
Trivia Bingo
Activity
Puzzle Library
Sporcle Events
Private Events
Virtual Trivia
Globe League
Become a Host
Pub Owners
SporcleCon
Opinionation
Our Games
Videos
Blog
Mobile Apps
Partnerships
Remove Ads and Go Orange
Feedback
Television
TV Characters
TV Show
Sitcom
Network
Friends
Reality Shows
Cast
South Park
Star Trek
The Simpsons
Doctor Who
Television
TV Characters
TV Show
Sitcom
Network
Friends
Reality Shows
Cast
South Park
Star Trek
The Simpsons
Doctor Who
Random Quiz
Search Sporcle
×
Quiz Lab
Quiz Lab
Television
Avatar
Type in answers that appear in a list
Type in answers that appear in a list
Classic
Best Score? Go Orange.
Secret Tunnel Lyrics Stats
Can you name the lyrics to the 'Secret Tunnel' song from Avatar: The Last Airbender?
By
Twilight_Phantom
7m
38 Questions
960 Plays
960 Plays
960 Plays
Comments
Comments
Give Quiz Kudos
Give Quiz Kudos
-
- Ratings
hide this ad
Replay
Link that replays current quiz
Next Quiz
Link to next quiz in quiz playlist
You Got
0%
They Got
Avg Score
79%
Avg Friend Score
Upgrade to see
Score Distribution
Jump to the score distribution portion of the page
Score
0/38
Timer
07:00
0
Plays Today
lyrics
% Correct
(Yeah, I forget the next couple lines,
99.9%
yeah!
99.7%
but, uh, then it goes...)
99.5%
Secret
96%
tunnel!
96%
Secret
96%
tunnel!
96%
secret
96%
secret
96%
secret
96%
secret
96%
tunnel!
96%
a
95.1%
and
95.1%
a
95.1%
a
95.1%
the
95.1%
lovers;
84%
Two
83.2%
lyrics
% Correct
mountain,
81.1%
mountain
80.6%
Through
78.6%
one
71%
another;
69.6%
from
68.9%
to
65.3%
war
65.1%
them
64.6%
apart;
64%
their
63.4%
divides
62.9%
divides
62.9%
people,
62.5%
be
60.1%
forbidden
57.9%
together.
57.5%
path
48.1%
built
46.8%
Quiz Playlist
Details
Report
Send in Message
Add To Playlist
Classic:
Type in answers that appear in a list
Last Updated: Feb 16, 2017
Quiz Scoreboard
CHALLENGE
Sign Up to Join the Scoreboard
Show All
Scores
Hide
Comments
May contain spoilers
Recently Published
Billboard Blitz: Fleetwood Mac
by CooCooCachoo
Music
15s
Presidents Visiting Landmarks
by Hejman
History
7m
An Introduction to Baseball
by treessimontrees
Sports
5m
More to Explore
Quiz From the Vault
Featured Blog Post
Where Did the Easter Bunny Come From?
hide this ad
You Might Also Like...
Tags
Avatar
Avatar: The Last Airbender
secret
tunnel
Today's Top Quizzes in Television
Browse Television
hide this ad
Today's Top Quizzes in Avatar
Browse Avatar
Top Contributed Quizzes in Television
1
5-to-1: The Simpsons Families
2
5-to-1: Television Doctors
3
7-to-1: TV Show Settings
4
One Piece Logic Puzzle
5
5-to-1: Streaming Originals
6
Survivor Seasons
7
Survivor Logic Puzzle: Heroes vs. Villains
8
TV Shows by First Names
9
Survivor Season by Logo
10
One Thing in Common: Television
Explore More
Trending Topics
Harry Potter
Anime
Kpop
Disney
NBA
Crossword
Marvel
Pokémon
Country
Song
The Office
WWE
Puzzle
NFL
Soccer
hide this ad
More By:
Twilight_Phantom
Quiz
Plays
Rating
Category
Featured
Created
US History by Decade
107,587
4.55
History
May 8, 2012
Secret Tunnel Lyrics
960
5.00
Television
Jun 18, 2012
Letra de Bailando (Enrique Iglesias)
677
3.20
Music
Mar 28, 2015
Talk Dirty to Me Lyrics (Poison)
490
5.00
Music
Mar 28, 2015
Letra de Ciudad Mágica
336
5.00
Music
Sep 29, 2014
Go to Creator's Profile
Score Distribution
Quiz Creator Spotlight
Twilight_Phantom
Follow
Send a Message
Quizzes Created
-
Created Quiz Play Count
-
More By This Creator
Popular Quizzes Today
1
Find the US States - No Outlines Minefield
2
Find the Countries of Europe - No Outlines Minefield
3
The Countries of the World
4
Find the US States
5
US States
6
Popular People in 1961
7
Risky Map Clicking: Biggest States A-Z
8
Movies - When Are They Set?
More Television Quizzes
TV Shows With Character Name in Title
Quiz Lab
Trending Quizzes
Risky Map Clicking: Least Populous States A-Z
1-10 Letter G Words
1-10 Letter F Words
Risky Map Clicking: Next State Alphabetically
Risky Map Clicking: Biggest States A-Z
Recently Updated
Leaping Animals
pecheneg
Reality TV Shows (A-Z)
bhenderson79
Rickey Henderson's Hall of Fame Teammates
pecheneg
Champions League XIs: Arsenal
pecheneg
Quick Pick: Celebrities in WWE's Hall of Fame
aduchscher
A-Z Keypad Blitz II
pecheneg
Multiple Oscar Actors
pecheneg
Mystery Phrase Blitz: Oscar 'Best Actors'
pecheneg
F. Scott Fitzgerald Novels
LTH
Pick 3 Villains
ddd62291
Trending Topics
Anime
Kpop
Marvel
NBA
Crossword
Disney
Harry Potter
The Office
Soccer
Country
NFL
WWE
Puzzle
Song
Pokémon
Your Account Isn't Verified!
In order to create a playlist on Sporcle, you need to verify the email address you used during registration. Go to your
Sporcle Settings
to finish the process.
Report this User
Report this user for behavior that violates our
Community Guidelines
.
Details:
Send Report
Go to the Sporcle.com Mobile Site →
Comments